Úsporné dřevěné stropy /

Hlavní autor: Brebera, Antonín, 1892-
Jazyk: Čeština
Vydáno: Praha : [s.n.], 1947
Edice: Sbírka vybraných technických statí
Fyzický popis: 16 s.
Knihy
Uloženo v:
LEADER 00717nam a2200205 a 4500
001 000662915
003 CZ BrMZK
005 20090817133223.0
008 030325s1947 xr f cze d
040 |a BOA001  |b cze  |c BOA001 
100 1 |a Brebera, Antonín,  |d 1892-  |7 jk01013063  |4 aut 
245 1 0 |a Úsporné dřevěné stropy /  |c Antonín Brebera 
260 |a Praha :  |b [s.n.],  |c 1947  |f (Ed. Grégr) 
300 |a 16 s. 
490 1 |a Sbírka vybraných technických statí ;  |v sv. 7 
500 |a Separát z: Stavební noviny 
830 0 |a Sbírka vybraných technických statí 
910 |a BOA001  |b TK-0091.394,7 
990 |a BK 
996 7 |b 2629947515  |c TK-0091.394,7  |l MZK  |r Sklad / do 24 hodin  |n 4  |w 000662915  |u 000010  |a 1  |e BOA001  |j MZK50  |s A